000 00851cam a2200205 a 4500
020 _a9250041373 (pbk.)
040 _cDLC
082 0 0 _a630 FOO 1998 A043 Or.
_a341.7/592
110 2 _aFood and Agriculture Organization of the United Nations.
245 1 0 _aOrganization and structure of FAO, including titles of staff =
_bOrganisation et structure de la FAO, et titres des fonctionnaires
246 3 1 _aOrganisation et structure de la FAO, et titres des fonctionnaires
260 _aRoma :
_bFood and Agriculture Organization of the United Nations,
_c1998.
300 _avii, 281 p. ;
_c21 cm.
490 1 _aTerminology bulletin =
_aBulletin de terminologie =
_aBoletĂ­n de terminologĂ­a,
500 _a"Supersedes no. 15, rev. 6 of 1991"--P. iii.
500 _aIncludes indexes.
650 0 _aAgriculture
650 7 _aAgriculture
942 _cEK
999 _c12656
_d12656